| 000 | 00574ntm a2200181 i 4500 | ||
|---|---|---|---|
| 001 | 150788 | ||
| 003 | ES-MaACL | ||
| 005 | 20230906203710.0 | ||
| 007 | t| | ||
| 008 | 071112q1948 sp |||| | fre d | ||
| 100 | 1 |
_aGalán, Fernando. _953290 |
|
| 245 | 1 | 0 |
_aAnalyse génétique de la monoecie et de la dioedie zygotiques et de leur différence dans ecballium elaterium / _cpar F. Galán. |
| 260 |
_a[S.l. : _bs.n., _cca. 1948] |
||
| 300 |
_a7 h. ; _c32 cm. |
||
| 500 | _aEjemplar mecanografiado. | ||
| 650 | 0 | 4 |
_aGenética animal. _913058 |
| 852 |
_aES-MaACL _j1700-F-3 |
||
| 999 |
_c150788 _d150788 |
||